Historia de la Filosofía / (Registro nro. 82244)

Detalles MARC
000 -LEADER
campo de control de longitud fija 01039nam a2200265 i 4500
001 - NÚMERO DE CONTROL
campo de control 82244
003 - IDENTIFICADOR DE NÚMERO DE CONTROL
campo de control ES-MaACL
005 - FECHA Y HORA DE LA ÚLTIMA TRANSACCIÓN
campo de control 20250830062949.0
007 - CAMPO FIJO DE DESCRIPCIÓN FÍSICA--INFORMACIÓN GENERAL
campo de control de longitud fija t|
008 - DATOS DE LONGITUD FIJA--INFORMACIÓN GENERAL
campo de control de longitud fija 041209s1975 sp ||||1| spa d
020 ## - NÚMERO INTERNACIONAL ESTÁNDAR DEL LIBRO
Número Internacional Estándar del Libro 84-254-0915-2
080 ## - NÚMERO DE LA CLASIFICACIÓN DECIMAL UNIVERSAL
Número de la Clasificación Decimal Universal 1(091)
100 1# - ENTRADA PRINCIPAL--NOMBRE DE PERSONA
Nombre de persona Hirschberger, Johannes.
9 (RLIN) 63811
245 10 - MENCIÓN DEL TÍTULO
Título Historia de la Filosofía /
Mención de responsabilidad, etc. Johnnes Hirschberber ; presentación, traducción y síntesis de historia de la filosofía española por Luis Martínes Gómez.
250 ## - MENCION DE EDICION
Mención de edición 7ª ed. ampliada.
260 ## - PUBLICACIÓN, DISTRIBUCIÓN, ETC.
Lugar de publicación, distribución, etc. Barcelona :
Nombre del editor, distribuidor, etc. Herder.
300 ## - DESCRIPCIÓN FÍSICA
Extensión 2 v. ;
Dimensiones 22 cm.
490 1# - MENCIÓN DE SERIE
Mención de serie Biblioteca Herder ;
Designación de volumen o secuencia 13-14.
Mención de serie Sección de teología y filosofía
505 8# - NOTA DE CONTENIDO CON FORMATO
Nota de contenido con formato Contiene: Tomo I. Antigüedad, Edad Media, Renacimiento .-- Tomo II. Edad Moderna, Edad Contemporánea
650 #4 - PUNTO DE ACCESO ADICIONAL DE MATERIA--TÉRMINO DE MATERIA
Término de materia o nombre geográfico como elemento de entrada Filosofía-
Subdivisión de forma Historia.
9 (RLIN) 158248
700 1# - ENTRADA AGREGADA--NOMBRE PERSONAL
Nombre de persona Martinez Gomez, Luis.
9 (RLIN) 78126
830 00 - PUNTO DE ACCESO ADICIONAL DE SERIE-TÍTULO UNIFORME
Título uniforme Biblioteca Herder.
Nombre de parte o sección de la obra Sección de teología y filosofía
Designación de volumen o secuencia 13-14.
9 (RLIN) 182106
852 ## - LOCALIZACIÓN
Ubicación ES-MaACL
Número de control de estantería E-10522-3
Sublocalización o colección R.134662
Existencias
Estatus retirado Estado de pérdida Estado de daño No para préstamo Biblioteca de origen Biblioteca actual Ubicación en estantería Fecha de adquisición Fuente de adquisición Total de préstamos Signatura topográfica completa Código de barras Visto por última vez Precio de reemplazo Tipo de ítem Koha
        Biblioteca del Ateneo de Madrid Biblioteca del Ateneo de Madrid Depósito 2 17/01/2008     E-10522-3 1085956 23/02/2023 23/02/2023 Libro impreso